Nada que ver/ (Record no. 3122)
[ view plain ]
| 000 -LEADER | |
|---|---|
| campo de control de longitud fija | 00797nam a22002057a 4500 |
| 003 - IDENTIFICADOR DE NÚMERO DE CONTROL | |
| campo de control | OSt |
| 005 - FECHA Y HORA DE LA ÚLTIMA TRANSACCIÓN | |
| campo de control | 20230302104818.0 |
| 008 - DATOS DE LONGITUD FIJA--INFORMACIÓN GENERAL | |
| campo de control de longitud fija | 221006b |||||||| |||| 00| 0 eng d |
| 040 ## - FUENTE DE CATALOGACIÓN | |
| Centro/agencia transcriptor | Biblioteca Lado V |
| 082 ## - NÚMERO DE LA CLASIFICACIÓN DECIMAL DEWEY | |
| Número de clasificación | 741.5 |
| Número de ítem | M977n |
| 100 ## - ENTRADA PRINCIPAL--NOMBRE DE PERSONA | |
| 9 (RLIN) | 730 |
| Nombre de persona | Murillo Landero, Andrés |
| Término indicativo de función/relación | autor |
| 245 ## - MENCIÓN DEL TÍTULO | |
| Título | Nada que ver/ |
| 260 ## - PUBLICACIÓN, DISTRIBUCIÓN, ETC. | |
| Nombre del editor, distribuidor, etc. | Jóvenes Liberales |
| Fecha de publicación, distribución, etc. | 2019 |
| 300 ## - DESCRIPCIÓN FÍSICA | |
| Dimensiones | 17x17cm |
| Otras características físicas | Una bolsa que contiene una reflexión sobre la imagen y un rompe cabezas |
| Material acompañante/anejo | publicidad y una hoja explicación sobre el proyecto jóvenes liberales |
| 650 ## - PUNTO DE ACCESO ADICIONAL DE MATERIA--TÉRMINO DE MATERIA | |
| Fuente del encabezamiento o término | Tesauro de Arte & Arquitectura |
| Término de materia o nombre geográfico como elemento de entrada | OBRA ARTISTICA |
| 9 (RLIN) | 703 |
| 650 ## - PUNTO DE ACCESO ADICIONAL DE MATERIA--TÉRMINO DE MATERIA | |
| Fuente del encabezamiento o término | Tesauro de Arte & Arquitectura |
| Término de materia o nombre geográfico como elemento de entrada | JUEGOS |
| 650 ## - PUNTO DE ACCESO ADICIONAL DE MATERIA--TÉRMINO DE MATERIA | |
| Fuente del encabezamiento o término | Tesauro de Arte & Arquitectura |
| Término de materia o nombre geográfico como elemento de entrada | IMAGEN |
| 700 ## - ENTRADA AGREGADA--NOMBRE PERSONAL | |
| Nombre de persona | Coronado, Kenneth |
| Término indicativo de función/relación | autor |
| 942 ## - ELEMENTOS DE ENTRADA SECUNDARIOS (KOHA) | |
| Fuente del sistema de clasificación o colocación | Clasificación Decimal Dewey |
| Tipo de ítem Koha | Libros |
| Parte de la signatura que corresponde a la clasificación (Parte de la clasificación) | 700.41 |
| Parte de la signatura que identifica el ejemplar (Parte del ítem) | M977n |
| Suprimir en OPAC | No |
| Estatus retirado | Estado de pérdida | Fuente del sistema de clasificación o colocación | Estado de daño | No para préstamo | Colección | Biblioteca de origen | Biblioteca actual | Fecha de adquisición | Número de inventario | Total de préstamos | Signatura topográfica completa | Código de barras | Visto por última vez | Precio de reemplazo | Tipo de ítem Koha |
|---|---|---|---|---|---|---|---|---|---|---|---|---|---|---|---|
| Clasificación Decimal Dewey | Colección Especial | Biblioteca LadoV | Biblioteca LadoV | 02/03/2023 | 003117 | 741.5 J86s | 003117 | 02/03/2023 | 02/03/2023 | Libros | |||||
| Clasificación Decimal Dewey | Colección Especial | Biblioteca LadoV | Biblioteca LadoV | 02/03/2023 | 003086 | 861.44 J86p | 003086 | 02/03/2023 | 02/03/2023 | Libros | |||||
| Clasificación Decimal Dewey | Colección Especial | Biblioteca LadoV | Biblioteca LadoV | 02/03/2023 | 003085 | 741.5 J86e | 003085 | 02/03/2023 | 02/03/2023 | Libros | |||||
| Clasificación Decimal Dewey | Colección Especial | Biblioteca LadoV | Biblioteca LadoV | 02/03/2023 | 003092 | 741.5 M967l | 003092 | 02/03/2023 | 02/03/2023 | Libros | |||||
| Clasificación Decimal Dewey | Colección Especial | Biblioteca LadoV | Biblioteca LadoV | 02/03/2023 | 003091 | 700.41 M977n | 003091 | 02/03/2023 | 02/03/2023 | Libros |
